| 000 | 00522nam a22001817a 4500 | ||
|---|---|---|---|
| 003 | CEME | ||
| 005 | 20210628203050.0 | ||
| 008 | 210419b xxu||||| |||| 00| 0 eng d | ||
| 020 | _a81-85198-39-X | ||
| 040 | _c. | ||
| 082 | _a620.004 KRI | ||
| 100 |
_aKrishnamoorthy, C. S , Rajeev, S _963123 |
||
| 245 | _aComputer aided design , software and analytical tools | ||
| 260 |
_aNEW DELHI _bNAROSA PUBLISHING _c1991 |
||
| 300 | _a456P | ||
| 650 |
_aCAD-PROGRAMMING LANGUAGE CAD SOFTWARE CAD-CA _963124 |
||
| 942 |
_cBK _2ddc |
||
| 999 |
_c572047 _d572047 |
||